00782cam a2200205 a 4500020002700000040000800027082002600035245003400061250001100095260005300106300004600159500011100205650001600316650002000332700002400352700002600376942001000402999001700412952014700429 a0134624335 (hardcover) cDLC00a635 PNH 1997 C152 Or.00aControlling turfgrass pests / a2nd ed aUpper Saddle River, N.J. :bPrentice Hall,c1997 axiii, 655 p. :bill. (some col.) ;c25 cm aRev. ed. of: Controlling turfgrass pests / Malcolm C. Shurtleff, Thomas W. Fermanian, Roscoe Randell. 1987 0aTurfgrasses 0aTurf management1 aFermanian, Thomas W1 aShurtleff, Malcolm C. cAEDBB c18759d18759 0010406635_000000000000000_PNH_1997_C152_OR70983235aLBCbLBCcC152d2020-01-21eA38925o635 PNH 1997 C152 Or.r2020-01-21w2020-01-21yEK